The role of social perception, beliefs and emotions on support for punitive action toward drug dealers and users / (Record no. 361464)
[ view plain ]
| 000 -LEADER | |
|---|---|
| fixed length control field | 00658nam a2200181Ia 4500 |
| 008 - FIXED-LENGTH DATA ELEMENTS--GENERAL INFORMATION | |
| fixed length control field | 190422s9999 xx 000 0 und d |
| 100 ## - MAIN ENTRY--PERSONAL NAME | |
| Personal name | Laborr, Paul Danielle P |
| 245 #4 - TITLE STATEMENT | |
| Title | The role of social perception, beliefs and emotions on support for punitive action toward drug dealers and users / |
| 245 ## - TITLE STATEMENT | |
| Statement of responsibility, etc | Paul Danielle P. Laborr and Maria Cecilia C. Gastardo-Conaco.-- |
| 260 ## - PUBLICATION, DISTRIBUTION, ETC. (IMPRINT) | |
| Name of publisher, distributor, etc | Psychological Association of the Philippines |
| 260 ## - PUBLICATION, DISTRIBUTION, ETC. (IMPRINT) | |
| Date of publication, distribution, etc | 2017 |
| 300 ## - PHYSICAL DESCRIPTION | |
| Extent | pages 67-96, December 2017 |
| 440 ## - SERIES STATEMENT/ADDED ENTRY--TITLE | |
| Title | Philippine Journal of Psychology |
| Volume number/sequential designation | 50(2) |
| 650 ## - SUBJECT ADDED ENTRY--TOPICAL TERM | |
| Topical term or geographic name as entry element | Emotions |
| 650 ## - SUBJECT ADDED ENTRY--TOPICAL TERM | |
| Topical term or geographic name as entry element | Punitiveness |
| 650 ## - SUBJECT ADDED ENTRY--TOPICAL TERM | |
| Topical term or geographic name as entry element | Redeemabily |
| 650 ## - SUBJECT ADDED ENTRY--TOPICAL TERM | |
| Topical term or geographic name as entry element | Social Peceptions |
No items available.